| 000 | 01325njm a2200313Ia 4500 | ||
|---|---|---|---|
| 001 | C1922 | ||
| 003 | IT-RoPAU | ||
| 005 | 20220918181140.0 | ||
| 008 | 131025s9999 xx 000 0 und d | ||
| 040 | _aIT-RoPAU | ||
| 040 | _cIT-RoPAU | ||
| 041 | _aITALIANO | ||
| 999 |
_c101182 _d101182 |
||
| 999 | _bn.d. | ||
| 100 |
_aParisi Antonio _928903 |
||
| 100 |
_eAutore musica _929752 |
||
| 100 |
_gCodice autore musica SPICS: 35389 _928905 |
||
| 245 | _aAttendiamo il Signore | ||
| 250 | _a1a ed. | ||
| 260 | _aROMA | ||
| 260 |
_bEP - MUSICALI E DISCOGRAFICHE _c1993 [1a Ed.:1993 - Ed. Lingua Orig.: 1993] |
||
| 300 | _aMUSICASSETTA | ||
| 300 | _c38 minuti (Testo: 0 pag.) | ||
| 500 | _aMusica religiosa, liturgica. Canzoni religiose. Liturgia del Natale. Novena di Natale. | ||
| 505 | _aVenite, attendiamo il Signore - Accogli nel tuo grembo - Gioiscano i cieli - O Messia promesso - L'anima mia magnifica il Signore - Vieni - Vieni Signore Gesù - Gioiosa attesa - Le voci dei profeti - Vieni tra noi - Alza gli occhi - Antifone - Benedetto il Signore - Maranatha dei popoli. | ||
| 650 |
_aRELIGIOSO [CASSETTE] _eCodice MATERIA SPICS: 9951 _9785 |
||
| 700 |
_aAnonimo _eAutore testo e musica _gCodice autore testo/musica SPICS: 2620 _929753 |
||
| 700 |
_aGalliano Annamaria _eAutore _gCodice autore SPICS: 5671 _929754 |
||
| 942 |
_cMC _2ddc |
||